Mindful counselling and psychotherapy practising mindfully across approaches & issues

Kaydedildi:
Detaylı Bibliyografya
Yazar: BARKER, Meg
Materyal Türü: Kitap
Dil:İngilizce
Baskı/Yayın Bilgisi: Sage Publications 2013
Etiketler: Etiketle
Etiket eklenmemiş, İlk siz ekleyin!

MARC

LEADER 00000nam a22000007a 4500
008 210122b ||||| |||| 00| 0 eng d
020 |a 978-1-4462-1111-3 
100 |a BARKER, Meg. 
245 |a Mindful counselling and psychotherapy  |b practising mindfully across approaches & issues  |c Meg Barker 
260 |b Sage Publications  |c 2013  |h Los Angeles  |i 692771  |i 692772  |l BQ4570 P76B17   |m Psychotherapy – Religious aspects – Buddhism  |m Buddhism – Psychology  |m Psychotherapy  |m Mindfulness-based cognitive therapy  |m Counselling  |m Counselor and client 
942 |a lcc  |c BK  |e YUNUSA, A.A.  |f 22/01/2021 
952 |0 0  |1 0  |2 lcc  |4 0  |6 BQ4570 P76 B17  |7 0  |9 1449  |a HOL  |b SSL  |c AF  |d 2021-01-22  |l 0  |o BQ4570 P76B17  |p 2021-0246  |r 2021-01-22 00:00:00  |w 2021-01-22  |y BK 
952 |0 0  |1 0  |2 lcc  |4 0  |6 BQ4570 P76 B17  |7 0  |9 1450  |a HOL  |b HOL  |c AF  |d 2021-01-22  |l 0  |o BQ4570 P76B17  |p 2021-0247  |r 2021-01-22 00:00:00  |w 2021-01-22  |y BK 
999 |c 757  |d 757